banner koha

Land use dynamics in the Brazilian Cerrado in the period from 2002 to 2013 (Registro n. 258597)

MARC details
000 -LÍDER
campo de controle de tamanho fixo 01297nas a2200433 4500
001 - NÚMERO DE CONTROLE
campo de controle BR2021000085
003 - IDENTIFICADOR DO NÚMERO DE CONTROLE
campo de controle BR-BrBNA
005 - DATA E HORÁRIO DA ÚLTIMA TRANSAÇÃO
campo de controle 20231205132125.0
007 - CAMPO FIXO DE DESCRIÇÃO FÍSICA--INFORMAÇÃO GERAL
campo de controle de tamanho fixo ta
008 - CAMPO DE DADOS FIXOS--INFORMAÇÃO GERAL
campo de controle de tamanho fixo 230509b bl.|||p| |||| 00| 00por d
040 ## - FONTE DA CATALOGAÇÃO
Instituição da catalogação original BR-BrBNA
Idioma da catalogação por
Instituição que transcreveu o registro Biblioteca Nacional de Agricultura
041 ## - CÓDIGO DE IDIOMA
Código do idioma do texto/trilha sonora ou título diferente (En)
072 ## - CÓDIGO DE CATEGORIA DE ASSUNTO
Código de Categoria de Assunto U40
100 1# - ENTRADA PRINCIPAL--NOME PESSOAL
Nome pessoal Sano, E.E.
100 1# - ENTRADA PRINCIPAL--NOME PESSOAL
Nome pessoal Rosa, R.
100 1# - ENTRADA PRINCIPAL--NOME PESSOAL
Nome pessoal Scaramuzza, C. A. de M.
100 1# - ENTRADA PRINCIPAL--NOME PESSOAL
Nome pessoal Adami, M.
100 1# - ENTRADA PRINCIPAL--NOME PESSOAL
Nome pessoal Bolfe, E.L.
100 1# - ENTRADA PRINCIPAL--NOME PESSOAL
Nome pessoal Coutinho, A.C.
100 1# - ENTRADA PRINCIPAL--NOME PESSOAL
Nome pessoal Esquerdo, J.C.D.M.
100 1# - ENTRADA PRINCIPAL--NOME PESSOAL
Nome pessoal Maurano, L.E.P.
100 1# - ENTRADA PRINCIPAL--NOME PESSOAL
Nome pessoal Narvais, I. da S.
100 1# - ENTRADA PRINCIPAL--NOME PESSOAL
Nome pessoal Oliveira Filho, F.J.B.
100 1# - ENTRADA PRINCIPAL--NOME PESSOAL
Nome pessoal Silva, E.B. da
100 1# - ENTRADA PRINCIPAL--NOME PESSOAL
Nome pessoal Victoria, D. de C.
100 1# - ENTRADA PRINCIPAL--NOME PESSOAL
Nome pessoal Ferreira, L.G.
100 1# - ENTRADA PRINCIPAL--NOME PESSOAL
Nome pessoal Brito, J.L.S.
100 1# - ENTRADA PRINCIPAL--NOME PESSOAL
Nome pessoal Bayma, A.P.
100 1# - ENTRADA PRINCIPAL--NOME PESSOAL
Nome pessoal Oliveira, G.H. de
100 1# - ENTRADA PRINCIPAL--NOME PESSOAL
Nome pessoal Silva, G.B.
245 1# - TÍTULO
Título Land use dynamics in the Brazilian Cerrado in the period from 2002 to 2013
650 ## - ASSUNTO--TERMO TÓPICO
Cabeçalho tópico ou nome geográfico USO DA TERRA
650 ## - ASSUNTO--TERMO TÓPICO
Cabeçalho tópico ou nome geográfico SENSORIAMENTO REMOTO
650 ## - ASSUNTO--TERMO TÓPICO
Cabeçalho tópico ou nome geográfico CERRADO
773 0# - ENTRADA ANALÍTICA
Título Pesquisa Agropecuária Brasileira (Brazil)
ISSN - International Standard Serial Number ISSN 1678-3921
Partes relacionadas (2019), v. 54 p. 1-5
Número de controle do registro BR2021000085
856 40 - LOCALIZAÇÃO ELETRÔNICA E ACESSO
Uniform Resource Identifier <a href="https://www.scielo.br/j/pab/a/GQYcBYK993bQksGszxwkcsf/?format=pdf<br/>lang=en">https://www.scielo.br/j/pab/a/GQYcBYK993bQksGszxwkcsf/?format=pdf<br/>lang=en</a>
909 ## -
-- 202311
-- Lúcia
-- 55
-- Lúcia Elande
942 ## - ELEMENTOS DE ENTRADA ADICIONADOS (KOHA)
Fonte da classificação ou esquema de arquivamento na estante Classificação AGRIS
Ocultar no OPAC Não
Tipo de material Koha Analítica
Exemplares
Situação do descarte Fonte da classificação ou esquema de arquivamento na estante Situação física Não pode ser emprestado Biblioteca de origem Biblioteca atual Localização na estante Enumeração do periódico / cronologia Total de empréstimos Data de último acesso Número do exemplar Tipo de material Koha Fonte de aquisição
  Classificação AGRIS   Consulta local Biblioteca Nacional de Agricultura - Binagri Biblioteca Nacional de Agricultura - Binagri   (2019), v. 54 p. 1-5   29/11/2023 01 Periódicos Portaria Interministerial nº 164/94

BINAGRI

Telefone: (61)3218-2567/2388/3357/2097 - binagri@agro.gov.br

Ministério da Agricultura e Pecuária , Esplanada dos Ministérios, Bloco D, Anexo B, Brasília/DF, CEP: 70.043-900